000 00984nam a2200229 i 4500
001 148664
003 ES-MaACL
005 20250901064055.0
007 t|
008 070214s1976 sp f |||| | spa d
100 1 _aSuárez, Adolfo,
_d1932-2014
_9164828
245 1 3 _aLa reforma política :
_bmensaje del presidente del Gobierno, don Adolfo Suárez González, dirigido al pueblo español a través de Radiotelevisión el día 10 de septiembre de 1976 ; y texto del proyecto de Ley de reforma política /
_cAdolfo Suárez González.
260 _aMadrid :
_bEdiciones del Movimiento,
_c1976.
300 _a25 p., 2 h. de lám. ;
_c21 cm.
651 4 _aEspaña-
_xHistoria-
_y1975-1982, Transición.
_9149272
710 2 _aRadiotelevisión Española
_96284
710 2 _aEdiciones del Movimiento.
_9171800
740 0 2 _aTexto del proyecto de Ley de reforma política (1976)
852 _aES-MaACL
_j2093-F-2
852 _aES-MaACL
_j2093-F-3
999 _c148664
_d148664